| 000 | 01142nam a2200265Ia 4500 | ||
|---|---|---|---|
| 003 | OSt | ||
| 005 | 20221005105148.0 | ||
| 006 | a|||||r|||| 00| 0 | ||
| 007 | ta | ||
| 008 | 221004b |||||||| |||| 00| 0 hin d | ||
| 020 |
_a8179750965 _c600 |
||
| 024 | _a81586 | ||
| 037 |
_b196, 30/03/2005, Ideal Book Publishers & Distributors _cTextual |
||
| 040 |
_aCRL _cCRL _bhin |
||
| 041 |
_2hin _ahin |
||
| 082 | _aX:3Mv2'N, 152P4 | ||
| 100 | _aबिपन चन्द्र | ||
| 245 | 0 | _aभारत मे आर्थिक राष्ट्रवाद का उद्भव और विकास | |
| 246 | _aBhārat me ārthik rāṣhṭravād kā udbhav aur vikāsa | ||
| 260 |
_aनई दिल्ली _bअनामिका पब्लिशर्स एण्ड डिस्ट्रीब्यूटर्स प्रा0 लि0 प्दकपं _c2004 |
||
| 300 |
_a371पृ0 _ccm. |
||
| 650 | _aअर्थशास्त्र | ||
| 942 |
_hX:3Mv2'N, 152P4 _cTEXL _2cc |
||
| 999 |
_c1014970 _d1014970 |
||